Python для непрограммистов: самоучитель в примерах; пер. с англ.
| Main Author: | |
|---|---|
| Summary: | Эта книга в кратчайшие сроки поможет на базовом уровне освоить Python — идеальный для новичка, доступный и понятный язык программирования, позволяющий легко создавать интересные и креативные приложения. Буквально с первых страниц читатель, даже если он никогда в жизни не писал код, с легкостью начнет постигать Python и на основе простых практических заданий приступит к написанию собственных программ, сначала состоящих из двух-трех строк кода, а затем, по мере усвоения базовых навыков программирования, все более сложных. Информация в книге изложена простым языком, четко, последовательно и логично, с изрядной долей юмора, поэтому учебный материал легко воспринимается и запоминается. Делая упор на самом главном, автор книги предоставляет читателю основные знания о переменных, типах и структурах данных, функциях, циклах, логических выражениях и отладке программ, сразу же иллюстрируя теорию подробно прокомментированными практическими примерами. |
| Language: | Russian |
| Published: |
Москва, АСТ, 2024
|
| Series: | Учимся программировать |
| Subjects: | |
| Format: | Book |
| KOHA link: | https://koha.lib.tpu.ru/cgi-bin/koha/opac-detail.pl?biblionumber=683454 |
MARC
| LEADER | 00000nam0a2200000 4500 | ||
|---|---|---|---|
| 001 | 683454 | ||
| 005 | 20251222141543.0 | ||
| 010 | |a 978-5-17-162198-8 | ||
| 090 | |a 683454 | ||
| 100 | |a 20251126d2024 m||y0rusy50 ca | ||
| 101 | 1 | |a rus |c eng | |
| 102 | |a RU | ||
| 105 | |a y j 000yy | ||
| 181 | 0 | |a i |b e | |
| 182 | 0 | |a n | |
| 183 | 0 | |a nc |2 RDAcarrier | |
| 200 | 1 | |a Python для непрограммистов |e самоучитель в примерах |e пер. с англ. |f Джош Коглиати | |
| 203 | |a Текст |b визуальный |c непосредственный | ||
| 210 | |a Москва |c АСТ |d 2024 | ||
| 215 | |a 95 с. | ||
| 225 | 1 | |a Учимся программировать | |
| 283 | |a volume |2 RDAcarrier | ||
| 330 | |a Эта книга в кратчайшие сроки поможет на базовом уровне освоить Python — идеальный для новичка, доступный и понятный язык программирования, позволяющий легко создавать интересные и креативные приложения. Буквально с первых страниц читатель, даже если он никогда в жизни не писал код, с легкостью начнет постигать Python и на основе простых практических заданий приступит к написанию собственных программ, сначала состоящих из двух-трех строк кода, а затем, по мере усвоения базовых навыков программирования, все более сложных. Информация в книге изложена простым языком, четко, последовательно и логично, с изрядной долей юмора, поэтому учебный материал легко воспринимается и запоминается. Делая упор на самом главном, автор книги предоставляет читателю основные знания о переменных, типах и структурах данных, функциях, циклах, логических выражениях и отладке программ, сразу же иллюстрируя теорию подробно прокомментированными практическими примерами. | ||
| 606 | |a Python |9 87977 | ||
| 610 | 1 | |a языки программирования | |
| 610 | 1 | |a циклы | |
| 610 | 1 | |a отладка | |
| 610 | 1 | |a функции | |
| 610 | 1 | |a программирование | |
| 675 | |a 004.432 |v 4 | ||
| 700 | 1 | |a Коглиати |b Д. |g Джош | |
| 801 | 0 | |a RU |b 63413507 |c 20251201 | |
| 942 | |c BK | ||